[Event "26.Off.Bayer.Senioren-EM 2014"]
[Site "Bergen"]
[Date "2014.06.22"]
[Round "3.33"]
[White "Schroeder, Klaus"]
[Black "Walther, Renate"]
[Result "1-0"]
[WhiteElo "1680"]
[BlackElo "818"]
[PlyCount "41"]
[EventDate "2014.??.??"]
[WhiteTeam "SC Karlsdorf"]
[BlackTeam "SK 1911 Herzogenaurach e.V."]

1. Nf3 e5 2. Nxe5 f6 3. Nf3 d5 4. d4 Bd6 5. e3 Ne7 6. c4 Be6 7. c5 O-O 8. cxd6
cxd6 9. Bd3 g6 10. e4 Nbc6 11. O-O Nb4 12. Nc3 Nxd3 13. Qxd3 Qd7 14. Re1 Bg4
15. Bf4 Bxf3 16. Qxf3 Rfe8 17. Nxd5 Nxd5 18. exd5 Kf7 19. Re6 Rxe6 20. dxe6+
Qxe6 21. Qxb7+ 1-0

[Event "26.Off.Bayer.Senioren-EM 2014"]
[Site "Bergen"]
[Date "2014.06.22"]
[Round "3.34"]
[White "Hartlaub, Marianne"]
[Black "Glueck, Josef"]
[Result "0-1"]
[WhiteElo "1348"]
[BlackElo "1899"]
[PlyCount "90"]
[EventDate "2014.??.??"]
[WhiteTeam "SK 1982 Klingenberg e.V."]
[BlackTeam "SG Traunstein/Traunreut e.V."]

1. Nf3 g6 2. c4 Bg7 3. d4 c5 4. b3 Nc6 5. Bb2 d6 6. g3 Bg4 7. e3 cxd4 8. exd4
Bxf3 9. Qxf3 Bxd4 10. Bxd4 Nxd4 11. Qd3 Nc6 12. Qc3 Nf6 13. Bg2 O-O 14. O-O Qa5
15. Bxc6 Qxc3 16. Nxc3 bxc6 17. Rfe1 e6 18. Rad1 Rfd8 19. f4 d5 20. cxd5 cxd5
21. h3 Rac8 22. Rc1 d4 23. Nb5 d3 24. Rxc8 Rxc8 25. Rd1 a6 26. Nd6 Rd8 27. Nc4
Ne4 28. Kg2 h5 29. g4 Kg7 30. Kf3 f5 31. gxh5 gxh5 32. Ke3 Nc3 33. Rd2 Kf6 34.
Ne5 Nd5+ 35. Kf3 Nxf4 36. Kxf4 Rd4+ 37. Ke3 Kxe5 38. Rf2 d2 39. Rxd2 f4+ 40.
Ke2 f3+ 41. Ke1 Rxd2 42. Kxd2 Kd4 43. a4 e5 44. a5 Kc5 45. Ke3 e4 0-1

[Event "26.Off.Bayer.Senioren-EM 2014"]
[Site "Bergen"]
[Date "2014.06.22"]
[Round "3.35"]
[White "Alefs, Heinz"]
[Black "Siegl, Wolfgang"]
[Result "1/2-1/2"]
[WhiteElo "1627"]
[BlackElo "1522"]
[PlyCount "117"]
[EventDate "2014.??.??"]
[WhiteTeam "SC Eichenau"]
[BlackTeam "SK 1926 Nördlingen-Ries"]

1. d4 g6 2. c4 Bg7 3. Nc3 Nf6 4. e4 d6 5. Nf3 O-O 6. Be3 Nbd7 7. h3 c6 8. Qd2
e5 9. d5 Qc7 10. Bd3 a6 11. O-O Rb8 12. Rac1 c5 13. Bh6 Nh5 14. Bg5 f6 15. Be3
f5 16. exf5 gxf5 17. Ng5 Nb6 18. Be2 Nf6 19. f4 h6 20. fxe5 dxe5 21. Nf3 Nh5
22. Bxh6 Ng3 23. Bxg7 Qxg7 24. Rf2 f4 25. Nh2 Bxh3 26. gxh3 Ne4+ 27. Rg2 Qxg2+
28. Kxg2 Nxd2 29. Rd1 Ndxc4 30. Ng4 Rbe8 31. Ne4 Kh8 32. b3 Ne3+ 33. Nxe3 fxe3
34. Bg4 Re7 35. d6 Rg7 36. Nxc5 Rf2+ 37. Kg1 Rxa2 38. d7 Nxd7 39. Nxd7 Rd2 40.
Re1 Rdxd7 41. Rxe3 Rde7 42. Kf2 Rgf7+ 43. Ke2 Rf4 44. Rc3 Kg7 45. Ke3 Kf6 46.
Rc8 Rb4 47. Rc3 a5 48. Kd2 Rd4+ 49. Kc2 e4 50. Rc5 b6 51. Rc6+ Ke5 52. Rxb6
Rc7+ 53. Kb2 Rd2+ 54. Kb1 e3 55. Re6+ Kf4 56. Rf6+ Kg3 57. Rf3+ Kg2 58. Rxe3
Rcc2 59. Rf3 1/2-1/2

[Event "26.Off.Bayer.Senioren-EM 2014"]
[Site "Bergen"]
[Date "2014.06.22"]
[Round "3.36"]
[White "Oser, Thor"]
[Black "Otto, Klaus"]
[Result "1/2-1/2"]
[WhiteElo "1622"]
[BlackElo "1499"]
[PlyCount "30"]
[EventDate "2014.??.??"]
[WhiteTeam "SK 1929 Jöhlingen"]
[BlackTeam "Thüringer Schachverein Triebes"]

1. d4 d5 2. e3 e6 3. Bd3 c5 4. c3 c4 5. Bc2 Bd6 6. f4 f5 7. Nf3 Nf6 8. Ne5 O-O
9. Qf3 Ne4 10. h4 Qf6 11. Nd2 Bxe5 12. dxe5 Qg6 13. Nxe4 fxe4 14. Qf2 Nd7 15.
h5 Qf7 1/2-1/2

[Event "26.Off.Bayer.Senioren-EM 2014"]
[Site "Bergen"]
[Date "2014.06.22"]
[Round "3.37"]
[White "Rudek, Gerald"]
[Black "Schuster, Herbert"]
[Result "0-1"]
[WhiteElo "1394"]
[BlackElo "1615"]
[PlyCount "96"]
[EventDate "2014.??.??"]
[WhiteTeam "SC Feuchtwangen 1911 e.V."]
[BlackTeam "SK Landshut"]

1. f4 d5 2. Nf3 Nf6 3. e3 Bg4 4. Be2 Bxf3 5. Bxf3 e6 6. O-O g6 7. b3 Nbd7 8.
Bb2 Bg7 9. d3 c6 10. Nd2 O-O 11. Kh1 Qb6 12. Qe2 Ne8 13. Bxg7 Nxg7 14. e4 f5
15. e5 Qd4 16. g3 h5 17. Qf2 Qxf2 18. Rxf2 Kf7 19. Bg2 a5 20. a4 b5 21. c3 bxa4
22. b4 axb4 23. cxb4 Rfb8 24. Nf3 Rxb4 25. Rc2 c5 26. Rca2 Ke7 27. Ne1 Nb6 28.
Nc2 Rb3 29. Bf1 Ne8 30. Na3 Nc7 31. Nb1 d4 32. Nd2 Rb4 33. Rc2 Na6 34. Bg2 Rb8
35. Bc6 Kd8 36. Rca2 Kc7 37. Bxa4 Rxa4 38. Rxa4 Nxa4 39. Rxa4 Nb4 40. Ra3 Kc6
41. Nc4 Kd5 42. Kg2 Nxd3 43. Nd6 Rb2+ 44. Kf1 Nf2 45. Nc8 d3 46. Ne7+ Kd4 47.
Ra6 Ke3 48. Rxe6 Kf3 0-1

[Event "26.Off.Bayer.Senioren-EM 2014"]
[Site "Bergen"]
[Date "2014.06.22"]
[Round "3.38"]
[White "Weyand, Fernand"]
[Black "Ewald, Frithjof"]
[Result "1-0"]
[WhiteElo "1587"]
[BlackElo "1355"]
[PlyCount "49"]
[EventDate "2014.??.??"]
[WhiteTeam "SVG Saarbrücken 1970 e.V."]
[BlackTeam "SF Bad Reichenhall"]

1. e4 e5 2. Nf3 Nc6 3. Bb5 Nge7 4. O-O a6 5. Ba4 b5 6. Bb3 d6 7. Ng5 d5 8. exd5
Nd4 9. Nc3 Nxb3 10. axb3 h6 11. Nge4 Nxd5 12. Qf3 Be6 13. Re1 Nb4 14. Qd1 f5
15. Ng3 g6 16. Rxe5 Qf6 17. d4 Bd6 18. Re2 Kf7 19. Na2 Nd5 20. c4 bxc4 21. bxc4
Ne7 22. b3 c6 23. Bb2 Bd7 24. d5 Be5 25. Bxe5 1-0

[Event "26.Off.Bayer.Senioren-EM 2014"]
[Site "Bergen"]
[Date "2014.06.22"]
[Round "3.39"]
[White "Jurgan, Brigitte"]
[Black "Malik, Heinz"]
[Result "1/2-1/2"]
[WhiteElo "1225"]
[BlackElo "1568"]
[PlyCount "60"]
[EventDate "2014.??.??"]
[WhiteTeam "SF Bad Reichenhall"]
[BlackTeam "SK Großweil"]

1. d4 Nf6 2. Nf3 e6 3. c3 b6 4. g3 Bb7 5. Bg2 Be7 6. O-O O-O 7. Bg5 h5 8. Bxf6
Bxf6 9. Nbd2 d5 10. Re1 Nd7 11. e4 dxe4 12. Nxe4 Be7 13. Ned2 c5 14. Nb3 Qc7
15. a3 Rad8 16. Qc1 Rfe8 17. Nbd2 Nf6 18. Nc4 Nd7 19. Nce5 Ba8 20. Qe3 Nf6 21.
Qf4 Bd6 22. Qe3 Nd5 23. Qd2 Nf6 24. Qe3 Bd5 25. Rac1 Nd7 26. Nxd7 Rxd7 27. Ne5
Rde7 28. f4 Qb7 29. Qd2 c4 30. Bxd5 Qxd5 1/2-1/2

[Event "26.Off.Bayer.Senioren-EM 2014"]
[Site "Bergen"]
[Date "2014.06.22"]
[Round "3.40"]
[White "Hermann, Josef"]
[Black "Rosmann, Armin"]
[Result "1/2-1/2"]
[WhiteElo "1687"]
[BlackElo "1505"]
[PlyCount "56"]
[EventDate "2014.??.??"]
[WhiteTeam "TSV Trostberg"]
[BlackTeam "SG Büchenbach/Roth e.V."]

1. c4 Nf6 2. d4 e6 3. a3 Be7 4. Nc3 d5 5. Bf4 c6 6. e3 O-O 7. Nf3 Nh5 8. Bg3 f5
9. Ne5 Nf6 10. Qc2 Nbd7 11. f3 Nh5 12. Bf2 Qc7 13. f4 Ndf6 14. Be2 g6 15. h3
Ng7 16. O-O-O a6 17. g4 b5 18. cxb5 cxb5 19. g5 Ne4 20. Nxe4 Qxc2+ 21. Kxc2
fxe4 22. Kb1 b4 23. a4 a5 24. b3 Ba6 25. Bxa6 Rxa6 26. Rc1 Raa8 27. Rc6 Bxg5
28. Rhc1 Be7 1/2-1/2

[Event "26.Off.Bayer.Senioren-EM 2014"]
[Site "Bergen"]
[Date "2014.06.22"]
[Round "3.41"]
[White "Jagdhuber, Hans"]
[Black "Reichwald, Klaus"]
[Result "1/2-1/2"]
[WhiteElo "1876"]
[BlackElo "1707"]
[PlyCount "106"]
[EventDate "2014.??.??"]
[WhiteTeam "SK Keres-Augsburg 1980"]
[BlackTeam "SC Lohhof 1950 e.V."]

1. Nf3 Nf6 2. c4 g6 3. b4 Bg7 4. Bb2 c6 5. e3 O-O 6. Be2 d5 7. O-O Nbd7 8. d3
Re8 9. Nbd2 e5 10. e4 d4 11. a4 c5 12. b5 b6 13. a5 Bb7 14. Ra4 Qc7 15. Qb3 Nf8
16. Rfa1 Ne6 17. g3 h5 18. h4 Ng4 19. Ng5 Nxg5 20. hxg5 Qe7 21. Nf3 f6 22. axb6
axb6 23. Rxa8 Bxa8 24. Ra6 f5 25. Qa4 fxe4 26. Rxa8 exf3 27. Bxf3 Kh7 28. Rxe8
Qxe8 29. Qa7 Qf8 30. Kg2 Qf5 31. Qa3 Qxg5 32. Bc1 Qf6 33. Qa2 Nh6 34. Bxh6 Kxh6
35. Qe2 Kh7 36. Be4 Qg5 37. Qa2 Qf6 38. Qa7 Kh6 39. Qd7 Bf8 40. Qe8 Be7 41. Qg8
Qg7 42. Qb8 Qf6 43. Qe8 Bd8 44. f3 Be7 45. Kh3 Bd8 46. Kg2 Be7 47. Kf2 Bd8 48.
Kg1 Be7 49. Kg2 Bd8 50. Kh3 Be7 51. Qc6 Qxc6 52. Bxc6 Bd8 53. Be4 g5 1/2-1/2

[Event "26.Off.Bayer.Senioren-EM 2014"]
[Site "Bergen"]
[Date "2014.06.22"]
[Round "3.42"]
[White "Harke, Horst"]
[Black "Kunert, Helmut"]
[Result "1-0"]
[WhiteElo "1686"]
[BlackElo "1491"]
[PlyCount "61"]
[EventDate "2014.??.??"]
[WhiteTeam "SK Varel"]
[BlackTeam "SF Bad Reichenhall"]

1. d4 Nf6 2. c4 e6 3. Nc3 b6 4. a3 Bb7 5. Qc2 c5 6. e3 cxd4 7. exd4 Qc7 8. f3
Bd6 9. Nb5 Qc6 10. Bg5 Be7 11. Bd3 a6 12. Nc3 h6 13. Bh4 d5 14. cxd5 Nxd5 15.
Bxe7 Nxe7 16. Rc1 Nd7 17. Qd2 Qd6 18. Nge2 O-O 19. O-O Nf6 20. Ne4 Nxe4 21.
fxe4 Nc6 22. e5 Qd8 23. Qe3 Ne7 24. Rc2 Rc8 25. Rfc1 g5 26. Rxc8 Bxc8 27. Qe4
f5 28. exf6 Nf5 29. g4 Qxf6 30. gxf5 exf5 31. Qe5 1-0

[Event "26.Off.Bayer.Senioren-EM 2014"]
[Site "Bergen"]
[Date "2014.06.22"]
[Round "3.43"]
[White "Niedermaier, Peter"]
[Black "Jehn, Detlef"]
[Result "1-0"]
[WhiteElo "1684"]
[BlackElo "1449"]
[PlyCount "77"]
[EventDate "2014.??.??"]
[WhiteTeam "SU Ebersberg-Grafing"]
[BlackTeam "SF Bad Reichenhall"]

1. e4 e5 2. Nf3 Nc6 3. Bb5 d6 4. d4 Bd7 5. O-O a6 6. Bxc6 Bxc6 7. dxe5 Bxe4 8.
exd6 Qxd6 9. Qe2 f5 10. Ng5 Nh6 11. Nxe4 fxe4 12. Qxe4+ Qe7 13. Qxb7 Rd8 14.
Bxh6 gxh6 15. Qxa6 Bg7 16. Na3 O-O 17. c3 Kh8 18. Rfe1 Qc5 19. Qb5 Qa7 20. Qc4
Rd2 21. Re2 Rfd8 22. Rxd2 Rxd2 23. Qb3 Re2 24. g3 Qa8 25. Nc2 Qf3 26. Qb8+ Qf8
27. Qxf8+ Bxf8 28. Rc1 Bc5 29. Nd4 Rxb2 30. Rc2 Rb1+ 31. Kg2 Kg7 32. Kf3 Kf6
33. Kg4 Kg6 34. h4 h5+ 35. Kf3 h6 36. Ke4 Kf6 37. Kd5 Bd6 38. Kc6 Re1 39. Nb5
1-0

[Event "26.Off.Bayer.Senioren-EM 2014"]
[Site "Bergen"]
[Date "2014.06.22"]
[Round "3.44"]
[White "Klimpel, Siegfried"]
[Black "Nieswandt, Joseph"]
[Result "1-0"]
[WhiteElo "1662"]
[BlackElo "1443"]
[PlyCount "79"]
[EventDate "2014.??.??"]
[WhiteTeam "TSV Kareth-Lappersdorf"]
[BlackTeam "SC Wangen"]

1. e4 d5 2. exd5 Nf6 3. d4 c6 4. Bd3 cxd5 5. Bf4 Nc6 6. c3 Bg4 7. f3 Bh5 8. Qb3
Qd7 9. Ne2 e6 10. Be5 Be7 11. Nf4 Bg6 12. Nxg6 hxg6 13. Nd2 a6 14. Qa4 Nh5 15.
Qc2 Nxe5 16. dxe5 Nf4 17. Nf1 Bh4+ 18. g3 Nxd3+ 19. Qxd3 Be7 20. O-O-O Rc8 21.
Kb1 Bc5 22. Nd2 b5 23. Ne4 Qc6 24. Nxc5 Qxc5 25. Qd4 Ke7 26. h4 a5 27. Rc1 b4
28. Qxc5+ Rxc5 29. cxb4 Rxc1+ 30. Rxc1 Ra8 31. b5 Kd7 32. Rc6 Rb8 33. a4 f6 34.
f4 g5 35. Ra6 gxh4 36. gxh4 fxe5 37. fxe5 g6 38. Rxa5 d4 39. Ra6 Rh8 40. Ra7+
1-0

[Event "26.Off.Bayer.Senioren-EM 2014"]
[Site "Bergen"]
[Date "2014.06.22"]
[Round "3.45"]
[White "Borkenhagen, Bernd"]
[Black "Husser, Oskar"]
[Result "0-1"]
[WhiteElo "1391"]
[BlackElo "1620"]
[PlyCount "111"]
[EventDate "2014.??.??"]
[WhiteTeam "SK Rinteln"]
[BlackTeam "SC Caissa Falkensee e.V."]

1. d4 Nf6 2. e3 d5 3. Bd3 Nc6 4. Nd2 e5 5. dxe5 Nxe5 6. Ngf3 Nxd3+ 7. cxd3 Bf5
8. Qa4+ c6 9. e4 dxe4 10. dxe4 Bd7 11. O-O Be7 12. Re1 O-O 13. h3 Re8 14. Nf1
Qb6 15. Qc2 Bb4 16. Bd2 Bxd2 17. N1xd2 Qb5 18. b3 Rad8 19. Rac1 Qh5 20. Qc5
Qxc5 21. Rxc5 b6 22. Rc3 c5 23. Rce3 Bc6 24. g3 Rd7 25. Kf1 Rde7 26. e5 Nd5 27.
Nc4 Nxe3+ 28. Rxe3 Bb5 29. Ke1 Bxc4 30. bxc4 f6 31. Kd2 fxe5 32. Re4 Kf7 33.
Ke3 Kf6 34. g4 g5 35. h4 h6 36. a4 Rd8 37. Ke2 gxh4 38. Nxh4 Rd4 39. f3 Rxe4+
40. fxe4 Kg5 41. Nf5 Rd7 42. Ne3 Rd4 43. Kf3 Rd2 44. Nd5 Ra2 45. a5 Rxa5 46.
Ne7 Ra3+ 47. Kf2 Kxg4 48. Ng6 h5 49. Nxe5+ Kf4 50. Ng6+ Kxe4 51. Kg2 Kf5 52.
Ne7+ Kg4 53. Ng6 h4 54. Ne5+ Kf5 55. Nc6 h3+ 56. Kh2 0-1

[Event "26.Off.Bayer.Senioren-EM 2014"]
[Site "Bergen"]
[Date "2014.06.22"]
[Round "3.46"]
[White "Steckel, Werner"]
[Black "Flockerzi, Armin"]
[Result "0-1"]
[WhiteElo "1338"]
[BlackElo "1565"]
[PlyCount "120"]
[EventDate "2014.??.??"]
[WhiteTeam "SG Siemens Amberg"]
[BlackTeam "VfR-SC Koblenz"]

1. d4 d5 2. Nf3 c6 3. e3 Nf6 4. c4 e6 5. Nc3 Be7 6. Bd3 b6 7. cxd5 cxd5 8. O-O
O-O 9. Ne5 Bb7 10. Bb5 Ne4 11. Qa4 Nxc3 12. bxc3 Bf6 13. Ba3 Be7 14. Bxe7 Qxe7
15. Bd3 g6 16. c4 dxc4 17. Bxc4 a6 18. Be2 b5 19. Qa5 Nc6 20. Nxc6 Bxc6 21.
Rfc1 Qb7 22. f3 Rfc8 23. Rc5 Bd7 24. Rac1 Rxc5 25. Rxc5 Rc8 26. Qc3 Rxc5 27.
Qxc5 Qc6 28. Qxc6 Bxc6 29. e4 a5 30. Kf1 Kf8 31. Ke1 Ke7 32. Kd2 f6 33. Bd1 Kd6
34. Kc3 g5 35. g4 h6 36. a3 Bd7 37. Bc2 Kc6 38. Kb3 Be8 39. h3 Bf7 40. Kc3 h5
41. Bb3 Kd6 42. Bc2 h4 43. Kd3 Be8 44. Kc3 Bc6 45. Bb3 Bd7 46. Bc2 Ke7 47. Kb3
Kf7 48. Kc3 Kg6 49. Bd3 Kf7 50. Bc2 Bc6 51. Bd1 Ke7 52. Kd3 Bd7 53. Kc3 Bc6 54.
Be2 f5 55. gxf5 exf5 56. Kd3 fxe4+ 57. fxe4 b4 58. axb4 axb4 59. Kc4 Bxe4 60.
Bg4 Kd6 0-1

[Event "26.Off.Bayer.Senioren-EM 2014"]
[Site "Bergen"]
[Date "2014.06.22"]
[Round "3.47"]
[White "Moderegger, Ludwig"]
[Black "Wilfert, Eva-Maria"]
[Result "1-0"]
[WhiteElo "1528"]
[BlackElo "1414"]
[PlyCount "81"]
[EventDate "2014.??.??"]
[WhiteTeam "SF Bad Reichenhall"]
[BlackTeam "PTSV SK Hof 1892"]

1. d4 d5 2. c4 e6 3. e3 Nf6 4. Nc3 c6 5. Nf3 Be7 6. Bd3 dxc4 7. Bxc4 b5 8. Bb3
b4 9. Ne2 O-O 10. O-O Bb7 11. Bd2 a5 12. Rc1 Nbd7 13. Nf4 c5 14. Qe2 a4 15. Bc4
Nd5 16. Nd3 Rc8 17. e4 N5b6 18. Bb5 cxd4 19. Nxd4 Nb8 20. Nf3 Nc6 21. Bxc6 Bxc6
22. Nxb4 Bxb4 23. Bxb4 Re8 24. Rfd1 Qc7 25. Nd4 Qb7 26. f3 Nd7 27. a3 Nf6 28.
Kh1 h6 29. h3 Bd7 30. Rc3 e5 31. Nc2 Bb5 32. Qf2 Bc4 33. Ne3 Bb3 34. Rdc1 Rxc3
35. Rxc3 Rd8 36. Nf5 Rd1+ 37. Kh2 Nd7 38. Qg3 g6 39. Nxh6+ Kg7 40. Ng4 Qb6 41.
Ne3 1-0

[Event "26.Off.Bayer.Senioren-EM 2014"]
[Site "Bergen"]
[Date "2014.06.22"]
[Round "3.48"]
[White "Steffl, Herbert"]
[Black "Braeu, Emmi"]
[Result "1-0"]
[WhiteElo "1512"]
[BlackElo "1331"]
[PlyCount "61"]
[EventDate "2014.??.??"]
[WhiteTeam "ASV J'Adoube Grassau SAB"]
[BlackTeam "SK Marktoberdorf"]

1. Nf3 c5 2. c4 Nf6 3. b3 g6 4. Bb2 Bg7 5. g3 O-O 6. Bg2 d5 7. cxd5 Nxd5 8.
Bxg7 Kxg7 9. O-O Qd6 10. Na3 Qa6 11. Nc4 b5 12. Nce5 Bb7 13. Qc2 f6 14. Nd3 c4
15. bxc4 bxc4 16. Nc5 Nb4 17. Qb2 Qb5 18. Nxb7 Qxb7 19. a3 N8c6 20. axb4 Rab8
21. Nd4 Qxb4 22. Qxb4 Nxb4 23. Ne6+ Kf7 24. Nxf8 Kxf8 25. Rxa7 Nc2 26. Be4 Nd4
27. e3 Ne2+ 28. Kg2 c3 29. dxc3 Nxc3 30. Ra8 Rxa8 31. Bxa8 1-0

[Event "26.Off.Bayer.Senioren-EM 2014"]
[Site "Bergen"]
[Date "2014.06.24"]
[Round "4.1"]
[White "Roeder, Frank"]
[Black "Koller, Hubert"]
[Result "1/2-1/2"]
[WhiteElo "2184"]
[BlackElo "2089"]
[PlyCount "111"]
[EventDate "2014.??.??"]
[WhiteTeam "SV Altensittenbach"]
[BlackTeam "Mostarriche/Ypps"]

1. e4 g6 2. d4 Bg7 3. Nc3 d6 4. Bg5 Nc6 5. Bb5 Bd7 6. Nf3 a6 7. Bxc6 bxc6 8.
O-O Qb8 9. Qd2 f6 10. Be3 e5 11. Ne1 Ne7 12. f4 exd4 13. Bxd4 c5 14. Bf2 Qxb2
15. Rb1 Qa3 16. Nf3 Bc6 17. Nd5 Bxd5 18. exd5 Qxa2 19. Rfe1 Kf7 20. Qd3 Qa4 21.
Re4 Qd7 22. Rbe1 Rhe8 23. Re6 a5 24. Bh4 a4 25. c4 a3 26. Qc3 Ng8 27. Rxe8 Rxe8
28. Qxa3 Rxe1+ 29. Bxe1 c6 30. Qa4 Ne7 31. Bc3 Qb7 32. dxc6 Qxc6 33. Qxc6 Nxc6
34. Kf2 Ke6 35. g4 Bf8 36. Ke3 Be7 37. Ke4 f5+ 38. gxf5+ gxf5+ 39. Kd3 d5 40.
Be1 Bf6 41. Bc3 dxc4+ 42. Kxc4 Bxc3 43. Ng5+ Ke7 44. Kxc3 h6 45. Nf3 Kd6 46.
Kc4 Na5+ 47. Kb5 Nc6 48. Kc4 Na5+ 49. Kb5 Kd5 50. Kxa5 Ke4 51. Ne1 Kxf4 52. Kb5
Kg4 53. Kxc5 Kh3 54. Nf3 Kg2 55. Nh4+ Kxh2 56. Nxf5 1/2-1/2

[Event "26.Off.Bayer.Senioren-EM 2014"]
[Site "Bergen"]
[Date "2014.06.24"]
[Round "4.2"]
[White "Gerl, Hans"]
[Black "Schmidt, Gerhard"]
[Result "0-1"]
[WhiteElo "1917"]
[BlackElo "2152"]
[PlyCount "80"]
[EventDate "2014.??.??"]
[WhiteTeam "SK Zirndorf e.V."]
[BlackTeam "Schachclub Unterhaching e.V."]

1. d4 Nf6 2. c4 e6 3. Nf3 d5 4. Bg5 Be7 5. Nc3 O-O 6. e3 h6 7. Bh4 Ne4 8. Bxe7
Qxe7 9. cxd5 Nxc3 10. bxc3 exd5 11. Qb3 Rd8 12. c4 Nc6 13. cxd5 Na5 14. Qc3 b6
15. Rc1 Bb7 16. Be2 Bxd5 17. O-O c5 18. Qa3 Qf8 19. dxc5 Nb7 20. Nd4 Nxc5 21.
Rfd1 Ne6 22. Qxf8+ Kxf8 23. Nxe6+ Bxe6 24. Rxd8+ Rxd8 25. Rc2 Rd5 26. a3 Bf5
27. Rc3 Rd2 28. Kf1 Ra2 29. f3 a5 30. e4 Bd7 31. Rc7 Be6 32. Rc3 a4 33. Bb5 Bb3
34. e5 g5 35. Rc6 Rxa3 36. Rxb6 Ra1+ 37. Kf2 a3 38. Rb8+ Kg7 39. Ra8 a2 40. e6
Bxe6 0-1

[Event "26.Off.Bayer.Senioren-EM 2014"]
[Site "Bergen"]
[Date "2014.06.24"]
[Round "4.3"]
[White "Kochseder, Georg"]
[Black "Urytskyy, Arkadiy"]
[Result "0-1"]
[WhiteElo "1892"]
[BlackElo "2084"]
[PlyCount "54"]
[EventDate "2014.??.??"]
[WhiteTeam "TV 1890 Hallstadt"]
[BlackTeam "TSV Bindlach Aktionär-Schachabte"]

1. e4 c5 2. Nf3 d6 3. Bb5+ Bd7 4. Bxd7+ Qxd7 5. b3 Nf6 6. d3 g6 7. Bb2 Bg7 8.
Nbd2 O-O 9. Rb1 Nc6 10. O-O e5 11. Nc4 b5 12. Ne3 a5 13. c4 Ne7 14. Qc2 b4 15.
Bc1 a4 16. Bd2 Ra6 17. Nd5 Nfxd5 18. cxd5 Rfa8 19. h3 Nc8 20. Qc1 Na7 21. Bh6
Bh8 22. Qg5 Nb5 23. Kh2 axb3 24. axb3 Ra2 25. h4 Nc3 26. Rbe1 f6 27. Qe3 Qg4
0-1

[Event "26.Off.Bayer.Senioren-EM 2014"]
[Site "Bergen"]
[Date "2014.06.24"]
[Round "4.4"]
[White "Miskevicer, Boris"]
[Black "Walther, Reinhard"]
[Result "0-1"]
[WhiteElo "2079"]
[BlackElo "1885"]
[PlyCount "70"]
[EventDate "2014.??.??"]
[WhiteTeam "SG Schwabing München Nord e.V."]
[BlackTeam "SK 1911 Herzogenaurach e.V."]

1. d4 d6 2. e4 Nf6 3. Nc3 g6 4. f4 Bg7 5. Nf3 c5 6. Be2 cxd4 7. Nxd4 O-O 8. Be3
Nc6 9. Nb3 Bd7 10. O-O Qc8 11. Qe1 a5 12. a3 a4 13. Nd4 Nxe4 14. Nxe4 Nxd4 15.
Rc1 Nxe2+ 16. Qxe2 Bxb2 17. Rcd1 Bg7 18. Qf2 Bf5 19. Ng3 Qxc2 20. Rd2 Qc8 21.
Bd4 Bxd4 22. Qxd4 Ra5 23. Nxf5 Qxf5 24. Rb2 Rb5 25. Rfb1 Rxb2 26. Rxb2 b5 27.
Qb6 Rc8 28. Qe3 Qc5 29. Qxc5 Rxc5 30. Kf2 Kg7 31. Re2 e6 32. Re3 Rc4 33. g3 b4
34. axb4 Rxb4 35. Ra3 Kf8 0-1

[Event "26.Off.Bayer.Senioren-EM 2014"]
[Site "Bergen"]
[Date "2014.06.24"]
[Round "4.5"]
[White "Neubauer, Jaroslaus"]
[Black "Daeubler, Heinrich"]
[Result "1-0"]
[WhiteElo "1889"]
[BlackElo "2044"]
[PlyCount "99"]
[EventDate "2014.??.??"]
[WhiteTeam "Schachklub Schweinfurt 2000 e.V."]
[BlackTeam "Schachclub Haselmühl"]

1. e4 g6 2. d4 Bg7 3. Nc3 d6 4. Be2 Nd7 5. Be3 a6 6. f4 b5 7. Nf3 Bb7 8. O-O
Ngf6 9. e5 Nd5 10. Nxd5 Bxd5 11. a4 c6 12. b3 b4 13. a5 O-O 14. Qd2 Qb8 15. Ra4
Qc7 16. Qxb4 c5 17. dxc5 dxe5 18. f5 gxf5 19. Qd2 Bxf3 20. Rxf3 f4 21. Bf2 Rfd8
22. Qb4 Nf6 23. g3 e4 24. Rxf4 Nd5 25. Qxe4 Nxf4 26. gxf4 Qd7 27. c6 Qd6 28.
Bb6 Rdb8 29. c7 Re8 30. Bd3 h6 31. Rc4 Qd7 32. Qg2 Kh8 33. Qe4 Kg8 34. Qh7+ Kf8
35. Qf5 Qxf5 36. Bxf5 e6 37. Be4 Rac8 38. Bb7 e5 39. Bxc8 Rxc8 40. f5 Ke8 41.
Rg4 Bf6 42. c4 Kd7 43. Kf1 Kc6 44. Ke2 Re8 45. Kd3 Rc8 46. Rg1 Re8 47. Ke4 Kb7
48. Rd1 Kc8 49. b4 Rg8 50. Rd8+ 1-0

[Event "26.Off.Bayer.Senioren-EM 2014"]
[Site "Bergen"]
[Date "2014.06.24"]
[Round "4.6"]
[White "Goy, Udo"]
[Black "Simin, Vladimir"]
[Result "1-0"]
[WhiteElo "2032"]
[BlackElo "1883"]
[PlyCount "87"]
[EventDate "2014.??.??"]
[WhiteTeam "Ford Schachfreunde Köln e.V."]
[BlackTeam "FC Ergolding 1932 e.V."]

1. d4 d5 2. Nf3 Nf6 3. c4 c6 4. e3 Bf5 5. Qb3 Qb6 6. Nc3 e6 7. c5 Qc7 8. Nh4
Nbd7 9. Nxf5 exf5 10. Qc2 g6 11. Be2 Ne4 12. O-O Be7 13. b4 O-O 14. Rb1 b6 15.
cxb6 Nxb6 16. Nxe4 fxe4 17. Bd2 Bd6 18. h3 a6 19. Rfc1 Rfc8 20. a4 Nd7 21. a5
Nb8 22. Qb3 Qd7 23. Rb2 Ra7 24. Qd1 f5 25. Rbc2 Rf8 26. f4 exf3 27. Bxf3 Rb7
28. Qe1 Qe7 29. Rxc6 Nxc6 30. Bxd5+ Kg7 31. Bxc6 Rbb8 32. Rb1 h6 33. Bf3 Rfe8
34. Rb3 Rec8 35. Qb1 Qd7 36. Be2 Qc6 37. Bd3 Ra8 38. e4 fxe4 39. Bxe4 Qc4 40.
Bxa8 Rxa8 41. Qd3 Qd5 42. b5 axb5 43. Rxb5 Qa2 44. Rb7+ 1-0

[Event "26.Off.Bayer.Senioren-EM 2014"]
[Site "Bergen"]
[Date "2014.06.24"]
[Round "4.7"]
[White "Koenigl, Anton"]
[Black "Roeder, Gerd"]
[Result "0-1"]
[WhiteElo "1696"]
[BlackElo "2016"]
[PlyCount "100"]
[EventDate "2014.??.??"]
[WhiteTeam "FC Ergolding 1932 e.V."]
[BlackTeam "SV Altensittenbach"]

1. d4 c5 2. e3 e6 3. Nf3 b6 4. Bd3 Bb7 5. O-O g6 6. b3 Bg7 7. Bb2 Ne7 8. Qe2
O-O 9. Nbd2 d6 10. c3 Nd7 11. Ba6 Qc8 12. Bxb7 Qxb7 13. Rab1 Rfd8 14. Rfe1 cxd4
15. cxd4 b5 16. Ng5 a6 17. Qf3 Qxf3 18. Ngxf3 Rac8 19. Rbc1 Rxc1 20. Rxc1 Rc8
21. Ne4 Rxc1+ 22. Bxc1 d5 23. Nd6 f6 24. Ne8 Nb8 25. Ba3 Nec6 26. Nxg7 Kxg7 27.
Bd6 Kf7 28. Ne1 e5 29. dxe5 fxe5 30. Nf3 Ke6 31. Ba3 h6 32. Kf1 Nd7 33. Ke2 e4
34. Nd4+ Nxd4+ 35. exd4 Nf6 36. h3 Nh5 37. g3 Ng7 38. g4 Kf7 39. Bd6 Ne6 40. f3
Nxd4+ 41. Kf2 Nxf3 42. a4 d4 43. axb5 axb5 44. Bb4 Ke6 45. Ba5 Kd5 46. Kg3 d3
47. Kf2 Nd4 48. Bd2 h5 49. gxh5 gxh5 50. b4 Nc2 0-1

[Event "26.Off.Bayer.Senioren-EM 2014"]
[Site "Bergen"]
[Date "2014.06.24"]
[Round "4.8"]
[White "Rueckleben, Hermann"]
[Black "Fischer, Gerd"]
[Result "0-1"]
[WhiteElo "1876"]
[BlackElo "2008"]
[PlyCount "56"]
[EventDate "2014.??.??"]
[WhiteTeam "SF Baden-Lichtental"]
[BlackTeam "FC Gunzenhausen 1910 e.V"]

1. c4 e5 2. g3 Bc5 3. Bg2 Nf6 4. Nc3 O-O 5. e3 Nc6 6. a3 a5 7. Nge2 Re8 8. O-O
d6 9. h3 Bd7 10. d4 Ba7 11. Kh2 Qc8 12. b3 Ne7 13. dxe5 dxe5 14. Bb2 Nf5 15.
Qd2 Bc5 16. Rad1 Be7 17. g4 Nh4 18. g5 Bc6 19. Bxc6 bxc6 20. f4 Nh5 21. Ng1
exf4 22. exf4 Bd6 23. Nce2 Nf5 24. Rf3 Nh4 25. Rf2 Qf5 26. Rdf1 Re4 27. Nf3
Nxf4 28. Ng3 Qxh3+ 0-1